[Event "Groningen Compact op-D"]
[Site "Groningen"]
[Date "2008.12.28"]
[Round "3"]
[White "Moeller, Wolfgang"]
[Black "Stapersma, Wietske"]
[Result "1/2-1/2"]
[WhiteElo "1490"]
[BlackElo "1468"]
[PlyCount "102"]
[EventDate "2008.12.26"]
[EventType "swiss"]
[EventRounds "5"]
[EventCountry "NED"]
[SourceTitle "CBM 127 Extra"]
[Source "ChessBase"]
[SourceDate "2009.01.08"]
[SourceVersion "2"]
[SourceVersionDate "2009.01.28"]
[SourceQuality "1"]

1. Nf3 Nc6 2. d4 e6 3. c4 d5 4. e3 Nf6 5. Nc3 Be7 6. Be2 0-0 7. 0-0 a6 8. Bd2 Nd7 9. cxd5 exd5 10. Nxd5 Bd6 11. e4 Ne7 12. Bg5 f6 13. Nxe7+ Bxe7 14. Bh4 f5 15. Bxe7 Qxe7 16. Bc4+ Kh8 17. e5 Nb6 18. Bb3 c6 19. Rc1 Nd5 20. Bxd5 cxd5 21. Rc3 Be6 22. Qd2 Rac8 23. Rfc1 Bd7 24. Rc7 Rxc7 25. Rxc7 Rc8 26. Rxb7 h6 27. h4 Qe6 28. Rb3 Bb5 29. Rc3 Rf8 30. Qc1 Bd7 31. Ne1 f4 32. Rf3 Qg4 33. Nd3 Rc8 34. Qxf4 Qxf4 35. Rxf4 Rc2 36. Rf8+ Kh7 37. Nc5 Bb5 38. Rd8 Rxb2 39. Rxd5 Bc4 40. Rd6 Rxa2 41. e6 Ra1+ 42. Kh2 a5 43. e7 Re1 44. Ne6 Bb5 45. Nc7 Ba4 46. Ra6 Rxe7 47. Rxa5 Bb3 48. Rc5 Rd7 49. d5 Kg8 50. Kg1 Kf7 51. Rc3 Bxd5 1/2-1/2